| 000 | 00822nam a2200193 a 4500 | ||
|---|---|---|---|
| 003 | 0 | ||
| 005 | 20250624082433.0 | ||
| 008 | 021118s19uu xx 00 eng d | ||
| 050 |
_aPHS KPM 4565 _b.V55 1999 |
||
| 100 | _aVillanueva, Cherriemaya. | ||
| 245 |
_aPerceptions of selected sectors of society regarding the implementation of death penalty in the Philippines / _cCherriemaya Villanueva. |
||
| 260 |
_aLas PiƱas City, Philippines : _bSouthville International School and Colleges, _c1999. |
||
| 300 |
_a48 pages : _billustrations ; _c28 cm. |
||
| 504 | _aIncludes bibliographical references. | ||
| 650 |
_aCapital punishment _zPhilippines _xPublic opinion. |
||
| 650 |
_aDeath penalty _zPhilippines _xMoral and ethical aspects. |
||
| 650 |
_aCapital punishment _zPhilippines _xSociological aspects. |
||
| 942 |
_2lcc _cPASS |
||
| 999 |
_c96250 _d96250 |
||